| 000 | 00628 a2200181 4500 | ||
|---|---|---|---|
| 020 | _a1607962381 | ||
| 020 | _a9781607962380 | ||
| 082 | _a536.7 | ||
| 090 |
_c1080 _d1080 |
||
| 100 | 1 | _aFermi, Enrico. | |
| 245 | 1 | 0 |
_aThermodynamics / _cEnrico Fermi. |
| 260 |
_a[S.l.] : _bwww.snowballpublishing.com, _c1956. |
||
| 300 |
_a172 p. ; _c23 cm. |
||
| 700 | _aFermi, Enrico. | ||
| 856 | 4 | 0 |
_3Amazon.com _uhttp://www.amazon.com/exec/obidos/ASIN/1607962381/chopaconline-20 |
| 942 |
_aSNS _cBK _k536.7 FER |
||
| 999 |
_c29697 _d29697 |
||